Prophet & His Message (Record no. 311751)

000 -LEADER
fixed length control field 00210 a2200097 4500
001 - CONTROL NUMBER
control field 76678
090 ## - LOCALLY ASSIGNED LC-TYPE CALL NUMBER (OCLC); LOCAL CALL NUMBER (RLIN)
-- 39192
-- 39192
100 ## - MAIN ENTRY--PERSONAL NAME
Personal name Khalifa
245 ## - TITLE STATEMENT
Title Prophet & His Message
260 ## - PUBLICATION, DISTRIBUTION, ETC.
Name of publisher, distributor, etc. Institute of Islamic Cul
942 ## - ADDED ENTRY ELEMENTS (KOHA)
Institution code [OBSOLETE] NUST-CAE
Call number prefix 297 KHA
Holdings
Withdrawn status Lost status Damaged status Not for loan Collection code Permanent Location Current Location Date acquired Total Checkouts Full call number Barcode Date last seen Price effective from Koha item type
          College of Aeronautical Engineering (CAE) College of Aeronautical Engineering (CAE) 04/03/2017   297 KHA CAE66233 04/05/2017 04/05/2017 Book
© 2023 Central Library, National University of Sciences and Technology. All Rights Reserved.